Каталитическая активность высококремнеземных цеолитов типа MFI, модифицированных бинарной системой оксидов олова (III) и висмута (III); Иерархические материалы: разработка и приложения для новых технологий и надежных конструкций
| Parent link: | Иерархические материалы: разработка и приложения для новых технологий и надежных конструкций.— 2018.— [С. 848] |
|---|---|
| 1. Verfasser: | |
| Körperschaft: | |
| Weitere Verfasser: | |
| Zusammenfassung: | Заглавие с экрана Режим доступа: по договору с организацией-держателем ресурса |
| Sprache: | Russisch |
| Veröffentlicht: |
2018
|
| Schriftenreihe: | Рациональное использование углеводородного сырья |
| Schlagworte: | |
| Online-Zugang: | http://dx.doi.org/10.17223/9785946217408/594 https://elibrary.ru/item.asp?id=36749498 |
| Format: | MixedMaterials Elektronisch Buchkapitel |
| KOHA link: | https://koha.lib.tpu.ru/cgi-bin/koha/opac-detail.pl?biblionumber=659953 |
MARC
| LEADER | 00000nla2a2200000 4500 | ||
|---|---|---|---|
| 001 | 659953 | ||
| 005 | 20231101135112.0 | ||
| 035 | |a (RuTPU)RU\TPU\network\28797 | ||
| 035 | |a RU\TPU\network\28796 | ||
| 090 | |a 659953 | ||
| 100 | |a 20190408a2018 k y0rusy50 ca | ||
| 101 | 0 | |a rus | |
| 102 | |a RU | ||
| 105 | |a y z 100zy | ||
| 135 | |a drgn ---uucaa | ||
| 181 | 0 | |a i | |
| 182 | 0 | |a b | |
| 200 | 1 | |a Каталитическая активность высококремнеземных цеолитов типа MFI, модифицированных бинарной системой оксидов олова (III) и висмута (III) |f И. С. Хомяков, А. М. Горшков | |
| 203 | |a Текст |c электронный | ||
| 225 | 1 | |a Рациональное использование углеводородного сырья | |
| 300 | |a Заглавие с экрана | ||
| 320 | |a [Библиогр.: с. 848 (3 назв.)] | ||
| 333 | |a Режим доступа: по договору с организацией-держателем ресурса | ||
| 463 | 0 | |0 (RuTPU)RU\TPU\network\28560 |t Иерархические материалы: разработка и приложения для новых технологий и надежных конструкций |o международный симпозиум, 1-5 октября 2018 года, Томск, Россия |o тезисы докладов международной конференции "Перспективные материалы с иерархической структурой для новых технологий и надежных конструкций" |o тезисы докладов международной конференции "Химия нефти и газа" |f Российская академия наук (РАН), Сибирское отделение (СО), Институт физики прочности и материаловедения (ИФПМ) ; Российская академия наук (РАН), Сибирское отделение (СО), Институт химии нефти (ИХН) ; Национальный исследовательский Томский политехнический университет (ТПУ) |v [С. 848] |d 2018 | |
| 610 | 1 | |a электронный ресурс | |
| 610 | 1 | |a труды учёных ТПУ | |
| 610 | 1 | |a каталитическая активность | |
| 610 | 1 | |a высококремнеземные цеолиты | |
| 610 | 1 | |a бинарные системы | |
| 610 | 1 | |a оксиды олова | |
| 610 | 1 | |a висмут | |
| 610 | 1 | |a нефтепереработка | |
| 610 | 1 | |a нефтехимия | |
| 610 | 1 | |a реформинг | |
| 610 | 1 | |a добавки | |
| 700 | 1 | |a Хомяков |b И. С. |c специалист в области нефтегазового дела |c старший преподаватель Томского политехнического университета, кандидат химических наук |f 1988- |g Иван Сергеевич |2 stltpush |3 (RuTPU)RU\TPU\pers\30473 | |
| 701 | 1 | |a Горшков |b А. М. |c специалист в области нефтегазового дела |c инженер Томского Политехнического унивеситета |f 1989- |g Антон Михайлович |2 stltpush |3 (RuTPU)RU\TPU\pers\30422 | |
| 712 | 0 | 2 | |a Национальный исследовательский Томский политехнический университет |b Инженерная школа природных ресурсов |b Отделение нефтегазового дела |h 8084 |2 stltpush |3 (RuTPU)RU\TPU\col\23546 |
| 801 | 2 | |a RU |b 63413507 |c 20191118 |g RCR | |
| 856 | 4 | |u http://dx.doi.org/10.17223/9785946217408/594 | |
| 856 | 4 | |u https://elibrary.ru/item.asp?id=36749498 | |
| 942 | |c CF | ||